Los toros en Madrid (Record no. 169545)

MARC details
000 -LEADER
campo de control de longitud fija 00954nam a2200265 i 4500
001 - NÚMERO DE CONTROL
campo de control 169545
003 - IDENTIFICADOR DE NÚMERO DE CONTROL
campo de control ES-MaACL
005 - FECHA Y HORA DE LA ÚLTIMA TRANSACCIÓN
campo de control 20250605063106.0
008 - DATOS DE LONGITUD FIJA--INFORMACIÓN GENERAL
campo de control de longitud fija 081009s1987 sp fh |||| | spa d
020 ## - NÚMERO INTERNACIONAL ESTÁNDAR DEL LIBRO
Número Internacional Estándar del Libro 84-3989227-6
080 ## - NÚMERO DE LA CLASIFICACIÓN DECIMAL UNIVERSAL
Número de la Clasificación Decimal Universal 791.862(460.27 M.)(091)
100 1# - ENTRADA PRINCIPAL--NOMBRE DE PERSONA
Nombre de persona Millán, Pascual,
Fechas asociadas al nombre 1845?-1906
9 (RLIN) 129936
245 14 - MENCIÓN DEL TÍTULO
Título Los toros en Madrid
Resto del título : estudio histórico /
Mención de responsabilidad, etc. Pascual Millán.
250 ## - MENCION DE EDICION
Mención de edición Ed. facs.
260 ## - PUBLICACIÓN, DISTRIBUCIÓN, ETC.
Lugar de publicación, distribución, etc. Madrid :
Nombre del editor, distribuidor, etc. Asociación de Libreros de Lance,
Fecha de publicación, distribución, etc. 1987.
300 ## - DESCRIPCIÓN FÍSICA
Extensión VIII, 262 p., [19] h. de lám., [1] h. pleg. de lám. ;
Dimensiones 1987.
534 ## - NOTA SOBRE LA VERSIÓN ORIGINAL
Frase introductoria Reprod. facs. de la ed. de:
Publicación, distribución, etc. del original Madrid : Imp. y Lit. de Julián Palacios, 1890.
650 14 - PUNTO DE ACCESO ADICIONAL DE MATERIA--TÉRMINO DE MATERIA
Término de materia o nombre geográfico como elemento de entrada Corridas de toros-
Subdivisión geográfica Madrid-
Subdivisión de forma Historia.
9 (RLIN) 138679
655 #7 - TERMINO DE INDIZACIÓN--GENERO/FORMA
Fuente del término tgfbne
9 (RLIN) 226495
Datos o término principal de género/forma Facsímiles
710 2# - ENTRADA AGREGADA--NOMBRE DE ENTIDAD CORPORATIVA
Nombre de entidad corporativa o nombre de jurisdicción como elemento de entrada Asociación de Libreros de Lance de Madrid.
9 (RLIN) 137507
852 ## - LOCALIZACIÓN
Ubicación ES-MaACL
Número de control de estantería L-11584
852 ## - LOCALIZACIÓN
Ubicación ES-MaACL
Número de control de estantería L-11663
942 ## - ELEMENTOS DE ENTRADA SECUNDARIOS (KOHA)
Fuente del sistema de clasificación o colocación Clasificación decimal universal
Holdings
Estatus retirado Estado de pérdida Estado de daño No para préstamo Biblioteca de origen Biblioteca actual Ubicación en estantería Fecha de adquisición Fuente de adquisición Total de préstamos Signatura topográfica completa Código de barras Visto por última vez Precio de reemplazo Tipo de ítem Koha
        Biblioteca del Ateneo de Madrid Biblioteca del Ateneo de Madrid Depósito 2 09/10/2008     L-11663 1177994 23/02/2023 23/02/2023 Libro impreso
        Biblioteca del Ateneo de Madrid Biblioteca del Ateneo de Madrid Depósito 2 09/10/2008     L-11584 1177993 23/02/2023 23/02/2023 Libro impreso